How to succeed in employee development : moving from vision to results /

Bibliographic Details
Main Author: Moorby, Ed (Edward), 1940-
Format: Book
Language:English
Published: London ; New York : McGraw-Hill, [1991]
Series:McGraw-Hill training series.
Subjects:

MARC

Tag First Indicator Second Indicator Subfields
LEADER 00000cam a2200000 a 4500
001 in00001119921
005 20150930070517.0
008 910225s1991 enka bf 001 0 eng
010 |a  91011716  
020 |a 0077074599 :  |c £18.95 
035 |a (OCoLC)23286664 
035 |9 AFV7603AM 
040 |a DLC  |c DLC  |d TXA  |d UtOrBLW 
049 |a TXAM 
050 0 0 |a HF5549  |b .M59 1991 
082 0 0 |a 658.3/124  |2 20 
100 1 |a Moorby, Ed  |q (Edward),  |d 1940- 
245 1 0 |a How to succeed in employee development :  |b moving from vision to results /  |c Ed Moorby. 
264 1 |a London ;  |a New York :  |b McGraw-Hill,  |c [1991] 
264 4 |c ©1991 
300 |a x, 183 pages :  |b illustrations ;  |c 25 cm. 
336 |a text  |b txt  |2 rdacontent 
337 |a unmediated  |b n  |2 rdamedia 
338 |a volume  |b nc  |2 rdacarrier 
490 1 |a The McGraw-Hill training series 
504 |a Includes bibliographical references (pages [179]-180) and index. 
650 0 |a Personnel management  |v Handbooks, manuals, etc. 
650 0 |a Employees  |x Training of  |v Handbooks, manuals, etc. 
650 0 |a Career development  |v Handbooks, manuals, etc. 
830 0 |a McGraw-Hill training series. 
999 |a MARS 
999 f f |s 1d164b09-bc73-33e5-acf1-c875337264dc  |i 7acbb679-bf9f-3693-9a1b-84ab56e85c23  |t 0 
952 f f |p ric  |a Texas A&M University  |b Rellis Campus  |c Joint Library Facility  |d Remote Storage  |t 0  |e HF5549 .M59 1991  |h Library of Congress classification  |i unmediated -- volume  |m A14820804277 
998 f f |a HF5549 .M59 1991  |t 0  |l Remote Storage